| 000 | 00000nas 2200000zi 4500 |
| 001 | 9.945528 |
| 003 | CaOODSP |
| 005 | 20251124134912 |
| 006 | m o d f |
| 007 | cr cn |||||||| |
| 008 | 241125c20249999oncar p o f0 0fre|d |
| 040 | |aCaOODSP|bfre|erda|cCaOODSP |
| 043 | |an-cn--- |
| 086 | 1 |aT35-2/1-2F-PDF |
| 110 | 2 |aIndemnisation navire et rail Canada. |bFonds rail, |eauteur, |eorganisme de publication. |
| 245 | 10|aRapport annuel / |cIndemnisation navire et rail Canada – Fonds rail. |
| 264 | 1|aOttawa (Ontario) Canada : |bAdministrateur d'Indemnisation navire et rail Canada – Fonds rail, |c[2024]- |
| 310 | |aAnnuel |
| 336 | |atexte|btxt|2rdacontent/fre |
| 337 | |ainformatique|bc|2rdamedia/fre |
| 338 | |aressource en ligne|bcr|2rdacarrier/fre |
| 362 | 1 |aParaît depuis : 2023/2024. |
| 500 | |aPublié aussi en anglais sous le titre : Annual report. |
| 500 | |aRapport annuel est soumis au Ministre des Transports. |
| 588 | |aDescription d'après : 2023/2024; titre de la page couverture du fichier PDF. |
| 588 | |aDernière livraison consultée : 2023/2024. |
| 610 | 26|aIndemnisation navire et rail Canada. |bFonds rail|vPériodiques. |
| 650 | 6|aResponsabilité pour accidents de chemins de fer|zCanada|vPériodiques. |
| 650 | 6|aDéversements de pétrole|zCanada|xRéclamations|vPériodiques. |
| 655 | 7|aPériodiques|2rvmgf |
| 775 | 08|tAnnual report / |w(CaOODSP)9.945527 |
| 780 | 00|tRapport annuel de l'Administrateur / |w(CaOODSP)9.862834 |